El materialismo: introducción a la filosofía de un sistema

Guardat en:
Dades bibliogràfiques
Autors principals: Post, Werner (Autor), Schmidt, Alfred (Autor)
Format: Llibre
Idioma:espanyol
Publicat: Barcelona Herder 1976
Matèries:
Etiquetes: Afegir etiqueta
Sense etiquetes, Sigues el primer a etiquetar aquest registre!

MARC

LEADER 00000nam a2200000 a 4500
001 UCU6824
003 CL-VaPUC
008 960621e19760000SP |||||||||||||||||spa|d
082 0 4 |a 146.3  |b POS  |2 21 
100 0 |a Post, Werner  |e author  |9 365238 
700 0 |a Schmidt, Alfred  |e author  |9 365239 
245 1 3 |a El materialismo: introducción a la filosofía de un sistema 
300 |a 75 p 
942 |c BK 
945 |d 19960621 00:00:00  |a aalvarez 
260 |a Barcelona  |b Herder  |c 1976 
650 0 |a Materialismo  |9 265687 
650 0 |a Filosofía   |9 223554 
583 |a last modification  |c 19960621 00:00:00  |k Rodrigo Vera 
999 |c 249629  |d 249627 
952 |0 0  |1 0  |4 0  |6 146_300000000000000_POS_1976  |7 0  |8 A  |9 266979  |a BIBTEO  |b BIBTEO  |d 2019-11-19  |i 2022737  |o 146.3 POS 1976  |p 2022737  |r 2025-01-17  |w 2019-11-19  |y BK  |k ICR